| 000 | 01114nam a22002655a 4500 | ||
|---|---|---|---|
| 003 | OSt | ||
| 005 | 20171226134500.0 | ||
| 008 | 090119t2005 ua fr 000 0 ara d | ||
| 017 | _a2002 / 2093 | ||
| 020 | _a9770907928 | ||
| 040 |
_aEG-ScBUE _bara _cEG-ScBUE _dEG-ScBUE |
||
| 043 |
_an-us--- _ama----- |
||
| 082 | 0 | 4 |
_a327.730174927 _bأ م ي _222 |
| 100 | 1 |
_aأمين، جلال. _911509 |
|
| 245 | 1 | 0 |
_aعولمة القهر : _bالولايات المتحدة والعرب والمسلمون قبل وبعد أحداث سبتمبر 2001 / _cجلال أمين. |
| 250 | _aط. 2. | ||
| 260 |
_aالقاهرة : _bدار الشروق، _c2005. |
||
| 300 |
_a189 ص. ؛ _b24 سم. |
||
| 500 | _aالطبعة الأولى صدرت عام 2002. | ||
| 650 | 7 |
_aأحداث 11 سبتمبر، 2001. _2BUEsh |
|
| 651 | 7 |
_aالولايات المتحدة الأمريكية _xعلاقات خارجية _zالبلاد العربية. _2BUEsh |
|
| 651 | 7 |
_aالبلاد العربية _xعلاقات خارجية _zالولايات المتحدة الأمريكية. _2BUEsh |
|
| 653 |
_bBUSBOL _cDecember2017 |
||
| 942 | _2ddc | ||
| 999 |
_c5485 _d5485 |
||